| 000 | 01050nmc a2200361 a 4500 | ||
|---|---|---|---|
| 003 | AR-BaBNM | ||
| 005 | 20251128203643.0 | ||
| 008 | 217019s1970 ||||||||||||||000 | spa|| | ||
| 040 | _cAR-BaBNM | ||
| 100 | 1 | _aWall, W.D. | |
| 245 | 1 | 0 | _aEl fracaso escolar |
| 260 |
_aBuenos Aires _bPaidós _c1970 |
||
| 300 | 0 |
_a326 p. _bgráfs. |
|
| 490 | 0 |
_aBiblioteca del educador contemporáneo _vv. 102 |
|
| 504 | _aBibliografía p. 285-310 | ||
| 504 | _aBibliografía en castellano p. 311-326 | ||
| 650 | 4 | _aRETRASO EN LOS ESTUDIOS | |
| 650 | 4 | _aESCUELAS PRIMARIAS | |
| 650 | 4 | _aESCUELAS SECUNDARIAS | |
| 650 | 4 | _aDESARROLLO DEL NINO | |
| 650 | 4 | _aMADUREZ PARA EL APRENDIZAJE | |
| 650 | 4 | _aDIFICULTAD EN LA LECTURA | |
| 650 | 4 | _aEDUCACION ESPECIAL | |
| 653 | 0 | _aFRACASO ESCOLAR | |
| 653 | 0 | _aDISCAPACIDAD MENTAL | |
| 700 | 1 | _aSchonell, F.J. | |
| 700 | 1 | _aOlson, Willard C. | |
| 700 | 1 |
_aBaretto, Roberto _etraductor |
|
| 800 | 1 | _aL. de Romero Brest, Gilda | |
| 800 | 1 |
_aBernstein, Jaime _edirector |
|
| 942 | _cBK | ||
| 998 | _cCarmen | ||
| 999 |
_c4342 _d4342 |
||